[Event "Bundesliga 2021-22"]
[Site "Aachen GER"]
[Date "2022.05.15"]
[Round "8.6"]
[Board "2"]
[White "Saric, Ivan"]
[Black "Nagy, Gabor1"]
[Result "1-0"]
[WhiteTitle "GM"]
[BlackTitle "GM"]
[WhiteElo "2687"]
[BlackElo "2507"]
[WhiteTeam "Muenchener Schachclub 1836"]
[BlackTeam "Aachener SV"]
[WhiteFideId "14508150"]
[BlackFideId "737119"]
[EventDate "2022.03.05"]

1. e4 c5 2. Nf3 e6 3. d4 cxd4 4. Nxd4 a6 5. Bd3 Bc5 6. Nb3 Ba7 7. Qe2 Nc6 8. Be3
d6 9. c4 Nf6 10. Nc3 e5 11. Bxa7 Rxa7 12. O-O Be6 13. Qe3 O-O 14. Rfd1 Qb8 15.
Rac1 b6 16. h3 Nd7 17. Na1 Nc5 18. Nc2 a5 19. Na3 Rd7 20. Nab5 g6 21. Be2 Ne7
22. b3 f5 23. Bf3 f4 24. Qe2 h5 25. Rd2 Kg7 26. Qd1 Rfd8 27. a3 Kh6 28. b4 Na6
29. Nd5 Bxd5 30. cxd5 axb4 31. axb4 Nc7 32. Be2 Rc8 33. Na3 Ne8 34. Bb5 Rxc1 35.
Qxc1 Rc7 36. Rc2 Rxc2 37. Qxc2 Nf6 38. Nc4 g5 39. f3 g4 40. hxg4 hxg4 41. Qf2
Qa7 42. Nxd6 Qa3 43. Qh4+ Kg6 44. Be8+ 1-0

[Event "Bundesliga 2021-22"]
[Site "Aachen GER"]
[Date "2022.05.15"]
[Round "8.6"]
[Board "3"]
[White "Koch, Thomas1"]
[Black "Indjic, Aleksandar"]
[Result "0-1"]
[WhiteTitle "IM"]
[BlackTitle "GM"]
[WhiteElo "2458"]
[BlackElo "2605"]
[WhiteTeam "Aachener SV"]
[BlackTeam "Muenchener Schachclub 1836"]
[WhiteFideId "4600533"]
[BlackFideId "911925"]
[EventDate "2022.03.05"]

1. d4 Nf6 2. c4 e6 3. Nc3 c5 4. d5 exd5 5. cxd5 d6 6. Nf3 g6 7. Nd2 Bg7 8. e4
O-O 9. Be2 Na6 10. O-O Nc7 11. Rb1 a6 12. a4 Rb8 13. Qc2 b5 14. axb5 Nxb5 15.
Nxb5 axb5 16. b4 c4 17. Bb2 Re8 18. Bf3 h5 19. Rfe1 Ra8 20. Ra1 Rxa1 21. Rxa1
Nd7 22. Bxg7 Kxg7 23. Qc3+ Ne5 24. Ra5 Qf6 25. Nb1 Bg4 26. Bxg4 hxg4 27. Ra7 Rh8
28. Qd2 Rh3 29. Ra3 Rxa3 30. Nxa3 Nd3 31. Nb1 Kg8 32. Nc3 Nxb4 33. Kf1 Nd3 34.
Nxb5 Qe5 35. Qc3 Qxh2 36. Qxc4 Nf4 37. Ke1 Qh1+ 38. Kd2 Qxg2 39. Nxd6 Qxf2+ 40.
Kc3 g3 41. Qc8+ Kg7 42. Qd7 Ne2+ 43. Kd3 g2 44. Ne8+ Kh6 45. Qh3+ Kg5 46. Qh8
Qd4+ 0-1

[Event "Bundesliga 2021-22"]
[Site "Aachen GER"]
[Date "2022.05.15"]
[Round "8.6"]
[Board "4"]
[White "Martinovic, Sasa"]
[Black "Vandenbussche, Thibaut"]
[Result "1/2-1/2"]
[WhiteTitle "GM"]
[BlackTitle "IM"]
[WhiteElo "2554"]
[BlackElo "2407"]
[WhiteTeam "Muenchener Schachclub 1836"]
[BlackTeam "Aachener SV"]
[WhiteFideId "14509792"]
[BlackFideId "204412"]
[EventDate "2022.03.05"]

1. d4 d5 2. c4 e6 3. Nf3 c5 4. cxd5 exd5 5. g3 Nc6 6. Bg2 Nf6 7. O-O c4 8. b3
cxb3 9. Qxb3 Be7 10. Bg5 O-O 11. Rc1 Qa5 12. Nc3 Be6 13. e3 Ba3 14. Bxf6 gxf6
15. Rc2 Rac8 16. Na4 Bf5 17. Rc3 Bb4 18. Rcc1 b6 19. a3 Bd6 20. Nc3 Ne7 21. Ne1
Rc7 22. Nb5 Rxc1 23. Rxc1 Bb8 24. Bf1 a6 25. Nc3 Bd6 26. Nc2 Bxc2 27. Rxc2 Qxa3
28. Qxb6 Rb8 29. Qxa6 Rc8 30. Qxa3 Bxa3 31. Bd3 Kg7 32. Nb5 Rxc2 33. Bxc2 Bb4
34. Nc7 Kf8 35. Bb3 Ba5 36. Nxd5 Nxd5 37. Bxd5 f5 38. h3 Kg7 39. Bc4 h5 40. Kg2
Kf6 41. Be2 Kg5 42. d5 Bb4 43. Kf1 Bc5 44. Bd3 Kf6 45. Ke2 Ke5 46. Bc4 Be7 47.
Bb3 Kf6 48. Kd3 Bb4 49. f4 Be1 50. Bd1 Bxg3 51. Bxh5 Ke7 52. Kd4 Kf6 53. Be2 Bf2
54. Ba6 Be1 55. Bc8 Bh4 56. d6 Bf2 57. Kd3 Bg3 58. Kc4 Bf2 59. Kd4 Bg3 60. d7
Ke7 61. Ke5 Bf2 62. Kxf5 Bxe3 63. h4 Bd4 64. h5 Bg7 65. Kg5 Kd8 66. h6 Bh8 67.
h7 Bg7 68. f5 Ke7 69. Kf4 Kd8 70. Ke4 Bf6 71. Kd5 Kc7 72. Ke4 Kd8 73. Kf4 Ke7
74. Kg4 1/2-1/2

[Event "Bundesliga 2021-22"]
[Site "Aachen GER"]
[Date "2022.05.15"]
[Round "8.6"]
[Board "5"]
[White "Piceu, Tom"]
[Black "Horvath, Dominik"]
[Result "0-1"]
[WhiteTitle "IM"]
[BlackTitle "IM"]
[WhiteElo "2331"]
[BlackElo "2486"]
[WhiteTeam "Aachener SV"]
[BlackTeam "Muenchener Schachclub 1836"]
[WhiteFideId "201952"]
[BlackFideId "1642561"]
[EventDate "2022.03.05"]

1. d4 Nf6 2. Nf3 d5 3. c4 e6 4. Nc3 Bb4 5. Qa4+ Nc6 6. Bg5 dxc4 7. e3 Bd7 8. Qc2
b5 9. Be2 Ne7 10. O-O Nfd5 11. e4 Nxc3 12. bxc3 Ba3 13. Nd2 f6 14. Be3 c5 15.
Bh5+ g6 16. Bf3 cxd4 17. cxd4 Rc8 18. d5 Qa5 19. Bg4 Qa6 20. Nf3 e5 21. Bxd7+
Kxd7 22. Rab1 Bd6 23. Ne1 g5 24. Qe2 h5 25. Nc2 Qa4 26. h4 g4 27. f3 Rhg8 28.
fxg4 Rxg4 29. Rxf6 Rxe4 30. Qf2 Rg8 31. Rxd6+ Kxd6 32. Qf6+ Kd7 33. Qe6+ Ke8 34.
d6 Rxg2+ 35. Kf1 Rg7 36. Rd1 Rf7+ 37. Ke2 Qxc2+ 38. Rd2 Rxe3+ 39. Kxe3 Qc3+ 0-1

[Event "Bundesliga 2021-22"]
[Site "Aachen GER"]
[Date "2022.05.15"]
[Round "8.6"]
[Board "6"]
[White "Berchtenbreiter, Maximilian"]
[Black "Lemmers, Oscar"]
[Result "1/2-1/2"]
[WhiteTitle "IM"]
[BlackTitle "IM"]
[WhiteElo "2513"]
[BlackElo "2337"]
[WhiteTeam "Muenchener Schachclub 1836"]
[BlackTeam "Aachener SV"]
[WhiteFideId "24641120"]
[BlackFideId "1002759"]
[EventDate "2022.03.05"]

1. g3 d5 2. c3 g6 3. Bg2 Bg7 4. d4 c6 5. Nf3 Bg4 6. O-O Nd7 7. Nbd2 Bxf3 8. exf3
Ngf6 9. f4 O-O 10. Nf3 Ne8 11. Ne5 Nd6 12. a4 Qc7 13. Re1 e6 14. b3 Rfe8 15. Ba3
Rad8 16. Bh3 Nf5 17. Qd3 Bf8 18. g4 Ng7 19. Bxf8 Rxf8 20. Qg3 f6 21. Nd3 f5 22.
gxf5 exf5 23. Re7 Rde8 24. Rae1 Rxe7 25. Rxe7 Qd8 26. Re3 Nf6 1/2-1/2

[Event "Bundesliga 2021-22"]
[Site "Aachen GER"]
[Date "2022.05.15"]
[Round "8.6"]
[Board "7"]
[White "Klein, Felix"]
[Black "Yankelevich, Lev"]
[Result "0-1"]
[WhiteTitle "FM"]
[BlackTitle "IM"]
[WhiteElo "2266"]
[BlackElo "2459"]
[WhiteTeam "Aachener SV"]
[BlackTeam "Muenchener Schachclub 1836"]
[WhiteFideId "24600458"]
[BlackFideId "24684074"]
[EventDate "2022.03.05"]

1. e4 e5 2. Nf3 Nc6 3. Bb5 a6 4. Ba4 Nf6 5. O-O Be7 6. Re1 b5 7. Bb3 O-O 8. c3
Na5 9. Nxe5 Nxb3 10. axb3 Bb7 11. d3 d5 12. exd5 Qxd5 13. Qf3 Bd6 14. Qxd5 Nxd5
15. Bd2 Rfe8 16. Nf3 Rxe1+ 17. Nxe1 c5 18. Na3 f6 19. Nac2 Re8 20. Ne3 Nf4 21.
f3 Bf8 22. Nf1 Bd6 23. Bxf4 Bxf4 24. g3 Bc7 25. Kf2 Bb6 26. Nd2 Kf7 27. Nc2 h6
28. Kf1 f5 29. b4 cxb4 30. Nxb4 Be3 31. Rd1 Kf6 32. d4 a5 33. Nd3 Bxd2 34. Rxd2
Bxf3 35. Ne5 Bd5 36. Nd7+ Ke7 37. Ne5 Ra8 38. Kf2 a4 39. Re2 Kd6 40. h4 g5 41.
Nf3 a3 42. bxa3 Rxa3 43. hxg5 hxg5 44. Re3 f4 45. gxf4 gxf4 46. Re8 Bc6 47. Re2
Rxc3 48. Ne5 b4 49. Ng6 b3 50. Ke1 Rc1+ 51. Kf2 f3 52. Rd2 Rc2 53. Rxc2 bxc2 54.
Ne5 c1=Q 55. Nf7+ Kd5 0-1

[Event "Bundesliga 2021-22"]
[Site "Aachen GER"]
[Date "2022.05.15"]
[Round "8.6"]
[Board "8"]
[White "Radovanovic, Nikola"]
[Black "Sonntag, Hans-Hubert"]
[Result "1-0"]
[WhiteTitle "IM"]
[BlackTitle "IM"]
[WhiteElo "2419"]
[BlackElo "2327"]
[WhiteTeam "Muenchener Schachclub 1836"]
[BlackTeam "Aachener SV"]
[WhiteFideId "900087"]
[BlackFideId "4601025"]
[EventDate "2022.03.05"]

1. e4 e5 2. Nf3 Nc6 3. Bc4 Nf6 4. d3 Bc5 5. c3 d6 6. Bb3 Bb6 7. Nbd2 Ne7 8. Nc4
Ng6 9. a4 c6 10. h4 Bg4 11. a5 Bc7 12. Ne3 h5 13. a6 b5 14. Nxg4 hxg4 15. Ng5 d5
16. g3 Qd7 17. f3 Bb6 18. fxg4 Nxg4 19. Qf3 Rd8 20. h5 Nf8 21. Nxf7 Qxf7 22.
Qxg4 Qf2+ 23. Kd1 Qg2 24. Re1 dxe4 25. Qxe4 Qxe4 26. Rxe4 Rxh5 27. Kc2 Kd7 28.
Bd2 Kd6 29. Rf1 Nd7 30. d4 Rh2 31. Kc1 Kc7 32. Rf7 Rh1+ 33. Kc2 Rh2 34. Rxe5 Kb8
35. Ref5 Nc5 36. Rf2 Rxf2 37. Rxf2 Ne4 38. Rf7 Nxd2 39. Kxd2 c5 40. Rb7+ Ka8 41.
Bc2 cxd4 42. Be4 dxc3+ 43. Kxc3 Ba5+ 44. Kb3 Rd4 45. Bc6 Rd6 46. Rb6+ 1-0

[Event "Bundesliga 2021-22"]
[Site "Viernheim GER"]
[Date "2022.05.15"]
[Round "8.7"]
[Board "1"]
[White "Ragger, Markus"]
[Black "Baldauf, Marco"]
[Result "1-0"]
[WhiteTitle "GM"]
[BlackTitle "GM"]
[WhiteElo "2647"]
[BlackElo "2522"]
[WhiteTeam "SG Solingen"]
[BlackTeam "SF Berlin"]
[WhiteFideId "1610856"]
[BlackFideId "4688210"]
[EventDate "2022.03.05"]

1. e4 c6 2. d4 d5 3. e5 Bf5 4. h4 h5 5. Bd3 Bxd3 6. Qxd3 Qa5+ 7. Nd2 e6 8. Nf3
Nh6 9. O-O Nf5 10. Nb3 Qb5 11. Qd1 c5 12. a4 Qb6 13. dxc5 Bxc5 14. Nxc5 Qxc5 15.
Re1 Nc6 16. c3 Qc4 17. Bg5 Rc8 18. Nd2 Qa6 19. Rc1 Na5 20. b3 Qd3 21. c4 dxc4
22. Nxc4 Qxd1 23. Rexd1 Nc6 24. b4 O-O 25. Nd6 Nxd6 26. exd6 f6 27. Bf4 e5 28.
Be3 Rcd8 29. b5 Nd4 30. Bxd4 exd4 31. Rxd4 Rf7 32. a5 Rfd7 33. Rc7 b6 34. axb6
axb6 35. Rc6 Kf7 36. Rxb6 Ke6 37. Kf1 Rxd6 38. Rdxd6+ Rxd6 39. Ra6 Ke7 40. Rxd6
Kxd6 41. Ke2 Kc5 42. Kd3 Kxb5 43. Ke4 Kc4 44. Kf5 1-0

[Event "Bundesliga 2021-22"]
[Site "Viernheim GER"]
[Date "2022.05.15"]
[Round "8.7"]
[Board "2"]
[White "Blohberger, Felix"]
[Black "L'Ami, Erwin"]
[Result "1/2-1/2"]
[WhiteTitle "GM"]
[BlackTitle "GM"]
[WhiteElo "2504"]
[BlackElo "2621"]
[WhiteTeam "SF Berlin"]
[BlackTeam "SG Solingen"]
[WhiteFideId "1632051"]
[BlackFideId "1007998"]
[EventDate "2022.03.05"]

1. c4 e6 2. Nc3 d5 3. d4 Nf6 4. cxd5 exd5 5. Bg5 c6 6. e3 Bf5 7. Qf3 Bg6 8. Bxf6
Qxf6 9. Qxf6 gxf6 10. Nf3 a5 11. Nh4 Bb4 12. a3 Bxc3+ 13. bxc3 b5 14. a4 bxa4
15. Kd2 Nd7 16. Rxa4 Nb6 17. Ra3 Kd7 18. Be2 a4 19. Nxg6 fxg6 20. h4 h5 21. Kc2
Ra5 22. Rb1 Kc7 23. Rg1 g5 24. Rh1 g4 25. Ra2 Rha8 26. Rha1 Nc8 27. Bd3 Nd6 28.
g3 f5 29. Rb1 Rb5 30. Rba1 Rba5 31. Rb1 c5 32. dxc5 Rxc5 33. Rb4 a3 34. Kb3 Kd7
35. Rxa3 Rxa3+ 36. Kxa3 Rxc3+ 37. Rb3 Rc8 38. Kb2 Ke6 39. Rc3 Nc4+ 40. Kc1 Ke5
41. Rc2 Rc7 1/2-1/2

[Event "Bundesliga 2021-22"]
[Site "Viernheim GER"]
[Date "2022.05.15"]
[Round "8.7"]
[Board "3"]
[White "Warmerdam, Max"]
[Black "Sprenger, Jan Michael"]
[Result "1/2-1/2"]
[WhiteTitle "GM"]
[BlackTitle "GM"]
[WhiteElo "2600"]
[BlackElo "2483"]
[WhiteTeam "SG Solingen"]
[BlackTeam "SF Berlin"]
[WhiteFideId "1048104"]
[BlackFideId "4646258"]
[EventDate "2022.03.05"]

1. e4 c5 2. Nf3 e6 3. d4 cxd4 4. Nxd4 a6 5. h3 Nf6 6. Bd3 Nc6 7. Nxc6 bxc6 8.
O-O d5 9. Nd2 Be7 10. c4 O-O 11. e5 Nd7 12. Nf3 a5 13. Qc2 h6 14. Bf4 Ba6 15.
Rfd1 Qb6 16. Rab1 Rfd8 17. Bf1 Nf8 18. b3 c5 19. Nh2 Qc6 20. a4 dxc4 21. bxc4
Ng6 22. Bg3 Bh4 23. Bxh4 Nxh4 24. g3 Nf5 25. Bg2 Rxd1+ 26. Qxd1 Qe8 27. Bxa8
Qxa8 28. Qf3 Qe8 29. Qb3 Qc6 30. Nf3 Bxc4 31. Qxc4 Qxf3 32. Rb3 Qd1+ 33. Kg2 Nd4
34. Rd3 Qb1 35. Qc3 Qb7+ 36. Kh2 Qb1 37. Kg2 Qb7+ 38. Kh2 Qb1 39. Qd2 Qf1 40. h4
h5 41. Ra3 g6 42. Qf4 Qd1 43. Qe4 c4 44. Kg2 Nc2 45. Rc3 Ne1+ 46. Kh2 Nd3 47.
Qa8+ Kg7 48. Qd8 Qxa4 49. Qf6+ Kg8 50. Qd8+ Kg7 51. Qf6+ Kg8 1/2-1/2

[Event "Bundesliga 2021-22"]
[Site "Viernheim GER"]
[Date "2022.05.15"]
[Round "8.7"]
[Board "4"]
[White "Jakubowski, Krzysztof"]
[Black "Andersen, Mads"]
[Result "1/2-1/2"]
[WhiteTitle "GM"]
[BlackTitle "GM"]
[WhiteElo "2475"]
[BlackElo "2570"]
[WhiteTeam "SF Berlin"]
[BlackTeam "SG Solingen"]
[WhiteFideId "1112848"]
[BlackFideId "1413864"]
[EventDate "2022.03.05"]

1. e4 e5 2. Nf3 Nc6 3. Bc4 Nf6 4. d3 Bc5 5. O-O a6 6. c3 d6 7. a4 Ba7 8. Nbd2
O-O 9. h3 h6 10. Re1 Re8 11. Nf1 Be6 12. Bxe6 Rxe6 13. Be3 Bxe3 14. Nxe3 d5 15.
Qc2 a5 16. Rad1 Qd7 17. Qb3 Rd8 18. d4 exd4 19. exd5 Nxd5 20. Nxd4 Nxe3 21. Nxe6
Qxd1 22. Rxd1 Rxd1+ 23. Kh2 Nf1+ 24. Kg1 Ne3+ 25. Kh2 Nf1+ 26. Kg1 Re1 27. Qxb7
Nd2+ 28. Kh2 Nf1+ 29. Kg1 Nd2+ 30. Kh2 Nf1+ 1/2-1/2

[Event "Bundesliga 2021-22"]
[Site "Viernheim GER"]
[Date "2022.05.15"]
[Round "8.7"]
[Board "5"]
[White "Predojevic, Borki"]
[Black "Hess, Max"]
[Result "1/2-1/2"]
[WhiteTitle "GM"]
[BlackTitle "FM"]
[WhiteElo "2585"]
[BlackElo "2392"]
[WhiteTeam "SG Solingen"]
[BlackTeam "SF Berlin"]
[WhiteFideId "930849"]
[BlackFideId "24656666"]
[EventDate "2022.03.05"]

1. e4 c6 2. Nf3 d5 3. Nc3 dxe4 4. Nxe4 Nf6 5. Qe2 Nxe4 6. Qxe4 Nd7 7. g3 Nf6 8.
Qe2 Bf5 9. d4 h6 10. Bg2 e6 11. O-O Bd6 12. Ne5 O-O 13. Rd1 Qc7 14. Nc4 Bg4 15.
Bf3 Bxf3 16. Qxf3 Be7 17. Bf4 Qd7 18. Ne5 Qd5 19. Kg2 Rfd8 20. c4 Qxf3+ 21. Kxf3
Nd7 22. Be3 h5 23. Ke2 Bf6 24. f4 g6 25. Rac1 Kf8 26. h3 Be7 27. Rd3 Nxe5 28.
dxe5 Rxd3 29. Kxd3 Rd8+ 30. Ke4 b6 31. c5 Bxc5 32. Bxc5+ bxc5 33. Rxc5 Rd2 34.
Rxc6 Rxb2 35. Ra6 Rb7 36. Kf3 Rc7 37. g4 Rc3+ 38. Kg2 h4 39. Rxa7 Rc2+ 40. Kf3
Rc3+ 41. Kg2 Rc2+ 42. Kf3 Rc3+ 43. Kg2 Rc2+ 1/2-1/2

[Event "Bundesliga 2021-22"]
[Site "Viernheim GER"]
[Date "2022.05.15"]
[Round "8.7"]
[Board "6"]
[White "Seyb, Alexander"]
[Black "Smeets, Jan"]
[Result "1-0"]
[WhiteTitle "IM"]
[BlackTitle "GM"]
[WhiteElo "2427"]
[BlackElo "2563"]
[WhiteTeam "SF Berlin"]
[BlackTeam "SG Solingen"]
[WhiteFideId "4699033"]
[BlackFideId "1007246"]
[EventDate "2022.03.05"]

1. e4 c6 2. d4 d5 3. e5 Bf5 4. Nf3 e6 5. Be2 Ne7 6. O-O h6 7. Nbd2 Nd7 8. Nb3 g5
9. Ne1 c5 10. c3 Qc7 11. f4 O-O-O 12. fxg5 c4 13. Nd2 hxg5 14. g4 Bg6 15. Ndf3
f6 16. exf6 Nxf6 17. Ne5 Ne4 18. N1f3 Bg7 19. Nxg5 Nc6 20. Nxe6 Bxe5 21. Nxc7
Bxh2+ 22. Kg2 Bxc7 23. Bf4 Bxf4 24. Rxf4 Ng5 25. Rf6 Be4+ 26. Kg3 Rh3+ 27. Kf4
Rg8 28. Qa4 Kd7 29. Qa3 Ne6+ 30. Rxe6 Kxe6 31. g5 1-0

[Event "Bundesliga 2021-22"]
[Site "Viernheim GER"]
[Date "2022.05.15"]
[Round "8.7"]
[Board "7"]
[White "Handke, Florian"]
[Black "Thiede, Lars"]
[Result "1-0"]
[WhiteTitle "GM"]
[BlackTitle "IM"]
[WhiteElo "2539"]
[BlackElo "2400"]
[WhiteTeam "SG Solingen"]
[BlackTeam "SF Berlin"]
[WhiteFideId "4634527"]
[BlackFideId "4607759"]
[EventDate "2022.03.05"]

1. e4 g6 2. d4 Bg7 3. Nf3 d6 4. Bd3 Nc6 5. c3 e5 6. Bb5 Bd7 7. O-O Nf6 8. Re1
O-O 9. Ba4 Re8 10. d5 Nb8 11. c4 Bxa4 12. Qxa4 Nbd7 13. Nc3 Nb6 14. Qb3 Nfd7 15.
Be3 f5 16. Ng5 f4 17. Ne6 Qb8 18. Bxb6 axb6 19. Qd1 Nc5 20. Nxc5 bxc5 21. Qg4
Re7 22. a3 Qa7 23. h4 Rf8 24. Red1 Bf6 25. Rd3 Rg7 26. Rh3 h5 27. Qf3 Qa8 28.
Qe2 Qd8 29. b4 cxb4 30. axb4 Bxh4 31. Ra7 f3 32. Rxf3 Rxf3 33. gxf3 Qg5+ 34. Kf1
Qc1+ 35. Nd1 b6 36. Kg2 Qg5+ 37. Kf1 Qf6 38. Nb2 g5 39. f4 g4 40. f5 Qh6 41. Qe3
Bg5 42. Qa3 Bf6 43. Qa4 Kh7 44. Qe8 Re7 45. Qd8 Rg7 46. Qe8 h4 47. Nd1 Re7 48.
Qd8 Qg7 49. Ra8 h3 50. Qf8 Qxf8 51. Rxf8 Kg7 52. Rc8 Bg5 53. Nc3 Bd2 54. Nb5
Bxb4 55. Rxc7 Rxc7 56. Nxc7 Kf6 57. Na6 Bc3 58. Nc7 Bd4 59. Ne8+ Ke7 60. Ng7 Bc3
61. Nh5 Kf7 62. Kg1 Bd2 63. f3 Be3+ 64. Kh2 gxf3 65. Kxh3 Bd4 66. Kg3 f2 67. Kg2
Be3 68. Ng3 Kf6 69. Nh1 f1=Q+ 70. Kxf1 Kg5 71. Ke2 Kf4 72. f6 Kxe4 73. Ng3+ 1-0

[Event "Bundesliga 2021-22"]
[Site "Viernheim GER"]
[Date "2022.05.15"]
[Round "8.7"]
[Board "8"]
[White "Carmesin, Leon Lucas Finn"]
[Black "Wegerle, Joerg"]
[Result "0-1"]
[BlackTitle "IM"]
[WhiteElo "1739"]
[BlackElo "2404"]
[WhiteTeam "SF Berlin"]
[BlackTeam "SG Solingen"]
[WhiteFideId "34601155"]
[BlackFideId "4644743"]
[EventDate "2022.03.05"]

1. Nf3 Nf6 2. c4 c5 3. Nc3 g6 4. e3 Bg7 5. d4 O-O 6. Be2 b6 7. O-O Bb7 8. d5 d6
9. e4 Nbd7 10. Ne1 a6 11. a4 Qc7 12. Bf4 Rfe8 13. Qd2 Rad8 14. Rd1 Qb8 15. h3
Nf8 16. Nc2 Qa8 17. g4 e6 18. f3 exd5 19. cxd5 Qb8 20. Kg2 Bc8 21. b4 Qc7 22.
Rc1 N6d7 23. Nd1 Ne5 24. Nf2 Bd7 25. a5 bxa5 26. bxc5 Qxc5 27. Be3 Nc4 28. Bxc4
Qxc4 29. Qxa5 Qb5 30. Qd2 Rc8 31. Nd4 Qb7 32. Rb1 Qa8 33. Qb4 Rc5 34. Rfc1 Rec8
35. Ne2 a5 36. Qa3 Rxc1 37. Rxc1 Rxc1 38. Bxc1 Qa6 39. Nc3 Qc4 40. Nfd1 a4 41.
Qxd6 Bb5 42. Nxb5 Qxc1 43. Nf2 Qb2 44. Qc5 a3 45. Qxa3 Qxb5 46. f4 Bd4 47. Kf3
Qf1 48. Qa2 Bxf2 49. Qxf2 Qxh3+ 50. Qg3 Qh1+ 51. Ke3 Qc1+ 52. Kd4 Qd2+ 53. Kc5
Nd7+ 54. Kd6 Nf6 55. Ke7 Kg7 56. g5 Qb4+ 57. Kd8 Qb8+ 58. Ke7 Qc7# 0-1

[Event "Bundesliga 2021-22"]
[Site "Viernheim GER"]
[Date "2022.05.15"]
[Round "8.8"]
[Board "1"]
[White "Kryvoruchko, Yuriy"]
[Black "Stern, Rene"]
[Result "1-0"]
[WhiteTitle "GM"]
[BlackTitle "GM"]
[WhiteElo "2683"]
[BlackElo "2510"]
[WhiteTeam "SC Viernheim"]
[BlackTeam "SK Koenig Tegel"]
[WhiteFideId "14109182"]
[BlackFideId "4611799"]
[EventDate "2022.03.05"]

1. e4 e5 2. Nf3 Nc6 3. Bb5 a6 4. Ba4 Nf6 5. O-O Be7 6. Re1 b5 7. Bb3 d6 8. c3
O-O 9. h3 Nb8 10. d4 Nbd7 11. Nbd2 Bb7 12. Bc2 Re8 13. Nf1 Bf8 14. Ng3 g6 15. b3
c6 16. Bg5 h6 17. Be3 Qc7 18. h4 Ng4 19. Bd2 Ndf6 20. h5 Nxh5 21. Nxh5 gxh5 22.
Nh4 Bc8 23. f3 Nf6 24. Be3 Nh7 25. f4 Bg4 26. Qd2 Qd8 27. Qf2 Be7 28. Nf3 exf4
29. Bxf4 Bg5 30. Bg3 Bxf3 31. gxf3 Kh8 32. Kh1 h4 33. Bh2 Qd7 34. f4 Be7 35. e5
Rg8 36. f5 Bg5 37. exd6 Rae8 38. Qf3 Nf6 39. Be5 Kh7 40. Re2 Nd5 41. f6+ Kh8 42.
Bf5 Qb7 43. d7 Rd8 44. Rg1 Rxd7 45. Qh5 1-0

[Event "Bundesliga 2021-22"]
[Site "Viernheim GER"]
[Date "2022.05.15"]
[Round "8.8"]
[Board "2"]
[White "Rabiega, Robert"]
[Black "Korobov, Anton"]
[Result "1/2-1/2"]
[WhiteTitle "GM"]
[BlackTitle "GM"]
[WhiteElo "2505"]
[BlackElo "2695"]
[WhiteTeam "SK Koenig Tegel"]
[BlackTeam "SC Viernheim"]
[WhiteFideId "4601475"]
[BlackFideId "14105730"]
[EventDate "2022.03.05"]

1. e4 e6 2. d4 d5 3. Nc3 Nf6 4. exd5 exd5 5. Bd3 Be7 6. Nge2 O-O 7. O-O c6 8. h3
Re8 9. Ng3 Be6 10. Qf3 Nbd7 11. Nf5 Bf8 12. Be3 Bxf5 13. Bxf5 g6 14. Bd3 Bg7 15.
Rfe1 Qb6 16. b3 Re7 17. Na4 Qa5 18. Bd2 Rxe1+ 19. Bxe1 Qc7 20. Bd2 Re8 21. Re1
Rxe1+ 22. Bxe1 Nf8 23. Qe3 N6d7 24. Nc3 Ne6 1/2-1/2

[Event "Bundesliga 2021-22"]
[Site "Viernheim GER"]
[Date "2022.05.15"]
[Round "8.8"]
[Board "3"]
[White "Anton Guijarro, David"]
[Black "Bruedigam, Martin"]
[Result "1-0"]
[WhiteTitle "GM"]
[BlackTitle "IM"]
[WhiteElo "2694"]
[BlackElo "2386"]
[WhiteTeam "SC Viernheim"]
[BlackTeam "SK Koenig Tegel"]
[WhiteFideId "2285525"]
[BlackFideId "24608033"]
[EventDate "2022.03.05"]

1. Nf3 d5 2. e3 Nf6 3. c4 e6 4. Nc3 c5 5. d4 cxd4 6. exd4 Be7 7. cxd5 Nxd5 8.
Bd3 Nc6 9. O-O O-O 10. a3 Nxc3 11. bxc3 Bf6 12. Qe2 Bd7 13. h4 Ne7 14. Ng5 g6
15. Ne4 Bg7 16. h5 Bc6 17. h6 Bh8 18. Bg5 Bxe4 19. Bxe4 Qd7 20. Qf3 Rac8 21.
Bxb7 Rc7 22. Ba6 Nd5 23. c4 Ne7 24. Rad1 Nf5 25. d5 Nd4 26. Rxd4 Bxd4 27. Rd1 f6
28. Bb5 Qd6 29. Bf4 Be5 30. Bd2 Bd4 31. Bb4 Bc5 32. dxe6 Qe7 33. Qd5 Bxb4 34.
axb4 Rb8 35. c5 a5 36. Bd7 axb4 37. c6 Kf8 38. Qa5 Qd8 39. Qc5+ Qe7 40. Qa5 Qd8
41. Re1 1-0

[Event "Bundesliga 2021-22"]
[Site "Viernheim GER"]
[Date "2022.05.15"]
[Round "8.8"]
[Board "4"]
[White "Fruebing, Stefan"]
[Black "Fedorchuk, Sergey A."]
[Result "0-1"]
[WhiteTitle "IM"]
[BlackTitle "GM"]
[WhiteElo "2374"]
[BlackElo "2604"]
[WhiteTeam "SK Koenig Tegel"]
[BlackTeam "SC Viernheim"]
[WhiteFideId "4682165"]
[BlackFideId "14102536"]
[EventDate "2022.03.05"]

1. e4 c5 2. Nf3 e6 3. d4 cxd4 4. Nxd4 a6 5. Bd3 Ne7 6. c4 Nbc6 7. Nf3 Ng6 8. O-O
Bc5 9. Nc3 d6 10. a3 O-O 11. b4 Ba7 12. Na4 e5 13. Bg5 f6 14. Be3 Bxe3 15. fxe3
Kh8 16. Qd2 Qc7 17. Nc3 Nce7 18. Rac1 Bd7 19. Rfd1 Rad8 20. Be2 Be6 21. a4 Bg8
22. a5 f5 23. exf5 Nxf5 24. e4 Nfe7 25. Nd5 Qd7 26. Nb6 Qe8 27. g3 h6 28. Rc3
Be6 29. Ne1 Ng8 30. Rd3 Nf6 31. Bf3 Bg4 32. Bxg4 Nxg4 33. Rf3 Nf6 34. Qe2 Ne7
35. Nc2 Qg6 36. Re1 Nh7 37. h4 Rxf3 38. Qxf3 Rf8 39. Qg2 Nf6 40. Re2 Qg4 41. Kh2
Kg8 42. Na4 Qe6 43. Ne3 Nc6 44. Rb2 Ng4+ 45. Nxg4 Qxg4 46. Qh3 Qxe4 47. Qe6+ Kh7
48. Qd5 Qxd5 49. cxd5 Nd4 50. Nc3 Rc8 51. Ne4 Nb5 0-1

[Event "Bundesliga 2021-22"]
[Site "Viernheim GER"]
[Date "2022.05.15"]
[Round "8.8"]
[Board "5"]
[White "Braun, Arik"]
[Black "Mueller, Nick"]
[Result "1-0"]
[WhiteTitle "GM"]
[BlackTitle "FM"]
[WhiteElo "2587"]
[BlackElo "2375"]
[WhiteTeam "SC Viernheim"]
[BlackTeam "SK Koenig Tegel"]
[WhiteFideId "4663527"]
[BlackFideId "24692093"]
[EventDate "2022.03.05"]

1. d4 d5 2. c4 c6 3. Nf3 Nf6 4. e3 Bf5 5. Nc3 a6 6. Nh4 Bc8 7. Qc2 e6 8. Nf3 c5
9. dxc5 Bxc5 10. a3 O-O 11. b4 Be7 12. cxd5 exd5 13. Bb2 Nc6 14. Be2 h6 15. Rd1
Be6 16. O-O Qc7 17. Qb1 Rfd8 18. h3 Rac8 19. Bd3 Bd6 20. Ne2 Ne5 21. Nxe5 Bxe5
22. Nd4 Ne8 23. Rc1 Qb8 24. Rxc8 Bxc8 25. Rc1 Bf6 26. Bh7+ Kh8 27. Bc2 Nd6 28.
Ba1 Nc4 29. Qb3 Qd6 30. Rd1 b5 31. Qd3 g6 32. a4 Bd7 33. axb5 axb5 34. e4 Bg7
35. exd5 Qxb4 36. Qf3 Ne5 37. Qe3 Kg8 38. Nc6 Bxc6 39. Bxe5 Bxe5 40. Qxe5 Bd7
41. Qf6 Qf8 42. d6 Re8 43. Bb3 Qg7 44. Qf3 Kh7 45. Qb7 f5 46. Bd5 Kh8 47. Bc6 1-0